<?xml version="1.0" encoding="UTF-8"?>
<collection xmlns="http://www.loc.gov/MARC21/slim">
 <record>
  <leader>03585cam a2200697   4500</leader>
  <controlfield tag="001">1127811746</controlfield>
  <controlfield tag="003">DE-627</controlfield>
  <controlfield tag="005">20240331183751.0</controlfield>
  <controlfield tag="007">tu</controlfield>
  <controlfield tag="008">970313s1963    xx |||||      00| ||fre c</controlfield>
  <datafield tag="035" ind1=" " ind2=" ">
   <subfield code="a">(DE-627)1127811746</subfield>
  </datafield>
  <datafield tag="035" ind1=" " ind2=" ">
   <subfield code="a">(DE-576)057811741</subfield>
  </datafield>
  <datafield tag="035" ind1=" " ind2=" ">
   <subfield code="a">(DE-599)BSZ057811741</subfield>
  </datafield>
  <datafield tag="035" ind1=" " ind2=" ">
   <subfield code="a">(OCoLC)02831153</subfield>
  </datafield>
  <datafield tag="035" ind1=" " ind2=" ">
   <subfield code="a">(OCoLC)1073894177</subfield>
  </datafield>
  <datafield tag="035" ind1=" " ind2=" ">
   <subfield code="a">(DE-604)8090825500</subfield>
  </datafield>
  <datafield tag="040" ind1=" " ind2=" ">
   <subfield code="a">DE-627</subfield>
   <subfield code="b">ger</subfield>
   <subfield code="c">DE-627</subfield>
   <subfield code="e">rakwb</subfield>
  </datafield>
  <datafield tag="041" ind1=" " ind2=" ">
   <subfield code="a">fre</subfield>
  </datafield>
  <datafield tag="084" ind1=" " ind2=" ">
   <subfield code="a">9,10</subfield>
   <subfield code="a">1</subfield>
   <subfield code="2">ssgn</subfield>
  </datafield>
  <datafield tag="084" ind1=" " ind2=" ">
   <subfield code="a">BS 4520</subfield>
   <subfield code="2">rvk</subfield>
   <subfield code="0">(DE-625)rvk/16378:</subfield>
  </datafield>
  <datafield tag="084" ind1=" " ind2=" ">
   <subfield code="a">LH 67460</subfield>
   <subfield code="2">rvk</subfield>
   <subfield code="0">(DE-625)rvk/94617:</subfield>
  </datafield>
  <datafield tag="084" ind1=" " ind2=" ">
   <subfield code="a">LH 67160</subfield>
   <subfield code="2">rvk</subfield>
   <subfield code="0">(DE-625)rvk/94583:</subfield>
  </datafield>
  <datafield tag="100" ind1="1" ind2=" ">
   <subfield code="a">Heitz, Carol</subfield>
   <subfield code="d">1923-1995</subfield>
   <subfield code="0">(DE-588)124598722</subfield>
   <subfield code="0">(DE-627)363435263</subfield>
   <subfield code="0">(DE-576)161365558</subfield>
   <subfield code="4">aut</subfield>
  </datafield>
  <datafield tag="245" ind1="1" ind2="0">
   <subfield code="a">Recherches sur les rapports entre architecture et liturgie à l'époque carolingienne</subfield>
   <subfield code="c">Carol Heitz</subfield>
  </datafield>
  <datafield tag="264" ind1=" " ind2="1">
   <subfield code="a">Paris</subfield>
   <subfield code="b">SEVPEN</subfield>
   <subfield code="c">1963</subfield>
  </datafield>
  <datafield tag="300" ind1=" " ind2=" ">
   <subfield code="a">286, XLVIII S.</subfield>
   <subfield code="b">Ill., graph. Darst.</subfield>
  </datafield>
  <datafield tag="336" ind1=" " ind2=" ">
   <subfield code="a">Text</subfield>
   <subfield code="b">txt</subfield>
   <subfield code="2">rdacontent</subfield>
  </datafield>
  <datafield tag="337" ind1=" " ind2=" ">
   <subfield code="a">ohne Hilfsmittel zu benutzen</subfield>
   <subfield code="b">n</subfield>
   <subfield code="2">rdamedia</subfield>
  </datafield>
  <datafield tag="338" ind1=" " ind2=" ">
   <subfield code="a">Band</subfield>
   <subfield code="b">nc</subfield>
   <subfield code="2">rdacarrier</subfield>
  </datafield>
  <datafield tag="490" ind1="0" ind2=" ">
   <subfield code="a">Bibliothèque Générale de l'Ecole Pratique des Hautes Etudes</subfield>
   <subfield code="a">Sect. 6</subfield>
  </datafield>
  <datafield tag="583" ind1="1" ind2=" ">
   <subfield code="a">Archivierung/Langzeitarchivierung gewährleistet</subfield>
   <subfield code="f">SSG</subfield>
   <subfield code="2">pdager</subfield>
   <subfield code="5">DE-21</subfield>
  </datafield>
  <datafield tag="583" ind1="1" ind2=" ">
   <subfield code="a">Archivierung/Langzeitarchivierung gewährleistet</subfield>
   <subfield code="f">SSG</subfield>
   <subfield code="x">XA-DE-BW</subfield>
   <subfield code="2">pdager</subfield>
   <subfield code="5">DE-16</subfield>
  </datafield>
  <datafield tag="689" ind1="0" ind2="0">
   <subfield code="d">b</subfield>
   <subfield code="0">(DE-588)2009545-4</subfield>
   <subfield code="0">(DE-627)101659261</subfield>
   <subfield code="0">(DE-576)191644501</subfield>
   <subfield code="a">Katholische Kirche</subfield>
   <subfield code="2">gnd</subfield>
  </datafield>
  <datafield tag="689" ind1="0" ind2="1">
   <subfield code="d">s</subfield>
   <subfield code="0">(DE-588)4036050-7</subfield>
   <subfield code="0">(DE-627)106244558</subfield>
   <subfield code="0">(DE-576)209016175</subfield>
   <subfield code="a">Liturgie</subfield>
   <subfield code="2">gnd</subfield>
  </datafield>
  <datafield tag="689" ind1="0" ind2="2">
   <subfield code="d">s</subfield>
   <subfield code="0">(DE-588)4033535-5</subfield>
   <subfield code="0">(DE-627)104297913</subfield>
   <subfield code="0">(DE-576)209002573</subfield>
   <subfield code="a">Kult</subfield>
   <subfield code="2">gnd</subfield>
  </datafield>
  <datafield tag="689" ind1="0" ind2="3">
   <subfield code="a">z</subfield>
   <subfield code="2">gnd</subfield>
   <subfield code="a">Geschichte</subfield>
  </datafield>
  <datafield tag="689" ind1="0" ind2=" ">
   <subfield code="5">(DE-627)</subfield>
  </datafield>
  <datafield tag="689" ind1="1" ind2="0">
   <subfield code="d">s</subfield>
   <subfield code="0">(DE-588)4002851-3</subfield>
   <subfield code="0">(DE-627)104280352</subfield>
   <subfield code="0">(DE-576)208848975</subfield>
   <subfield code="a">Architektur</subfield>
   <subfield code="2">gnd</subfield>
  </datafield>
  <datafield tag="689" ind1="1" ind2="1">
   <subfield code="d">s</subfield>
   <subfield code="0">(DE-588)4036050-7</subfield>
   <subfield code="0">(DE-627)106244558</subfield>
   <subfield code="0">(DE-576)209016175</subfield>
   <subfield code="a">Liturgie</subfield>
   <subfield code="2">gnd</subfield>
  </datafield>
  <datafield tag="689" ind1="1" ind2="2">
   <subfield code="a">z</subfield>
   <subfield code="2">gnd</subfield>
   <subfield code="a">Geschichte 700-900</subfield>
  </datafield>
  <datafield tag="689" ind1="1" ind2=" ">
   <subfield code="5">(DE-627)</subfield>
  </datafield>
  <datafield tag="689" ind1="2" ind2="0">
   <subfield code="d">s</subfield>
   <subfield code="0">(DE-588)4073436-5</subfield>
   <subfield code="0">(DE-627)104791268</subfield>
   <subfield code="0">(DE-576)209190450</subfield>
   <subfield code="a">Kirchenbau</subfield>
   <subfield code="2">gnd</subfield>
  </datafield>
  <datafield tag="689" ind1="2" ind2="1">
   <subfield code="a">z</subfield>
   <subfield code="2">gnd</subfield>
   <subfield code="a">Geschichte</subfield>
  </datafield>
  <datafield tag="689" ind1="2" ind2=" ">
   <subfield code="5">(DE-627)</subfield>
  </datafield>
  <datafield tag="787" ind1="0" ind2="8">
   <subfield code="i">Rezensiert in</subfield>
   <subfield code="a">Lehmann, Edgar, 1909 - 1997</subfield>
   <subfield code="t">[Rezension von: Carol Heitz, Recherches sur les rapports entre Architecture et Liturgie à l'epoque carolingienne]</subfield>
   <subfield code="d">Nürnberg : Carl, 1964</subfield>
   <subfield code="w">(DE-627)1831599864</subfield>
  </datafield>
  <datafield tag="935" ind1=" " ind2=" ">
   <subfield code="a">mteo</subfield>
  </datafield>
  <datafield tag="936" ind1="r" ind2="v">
   <subfield code="a">BS 4520</subfield>
   <subfield code="b">Einzelne Perioden</subfield>
   <subfield code="k">Theologie und Religionswissenschaften</subfield>
   <subfield code="k">Liturgiewissenschaft</subfield>
   <subfield code="k">Spezielle Liturgik</subfield>
   <subfield code="k">Liturgischer Raum, liturgisches Gerät</subfield>
   <subfield code="k">Darstellungen</subfield>
   <subfield code="k">Der Raum für den Gottesdienst</subfield>
   <subfield code="k">Darstellungen</subfield>
   <subfield code="k">Einzelne Perioden</subfield>
   <subfield code="0">(DE-627)1270757644</subfield>
   <subfield code="0">(DE-625)rvk/16378:</subfield>
   <subfield code="0">(DE-576)200757644</subfield>
  </datafield>
  <datafield tag="936" ind1="r" ind2="v">
   <subfield code="a">LH 67460</subfield>
   <subfield code="b">karolingisch</subfield>
   <subfield code="k">Kunstgeschichte</subfield>
   <subfield code="k">Allgemeines. Allgemeine Kunstgeschichte</subfield>
   <subfield code="k">Kunstgeschichte einzelner Gattungen der Kunst</subfield>
   <subfield code="k">Architektur</subfield>
   <subfield code="k">Darstellungen einzelner Epochen</subfield>
   <subfield code="k">Mittelalter</subfield>
   <subfield code="k">karolingisch</subfield>
   <subfield code="0">(DE-627)1271106213</subfield>
   <subfield code="0">(DE-625)rvk/94617:</subfield>
   <subfield code="0">(DE-576)201106213</subfield>
  </datafield>
  <datafield tag="936" ind1="r" ind2="v">
   <subfield code="a">LH 67160</subfield>
   <subfield code="b">Architektursoziologie. Beziehungen der Architektur zu anderen Gebieten</subfield>
   <subfield code="k">Kunstgeschichte</subfield>
   <subfield code="k">Allgemeines. Allgemeine Kunstgeschichte</subfield>
   <subfield code="k">Kunstgeschichte einzelner Gattungen der Kunst</subfield>
   <subfield code="k">Architektur</subfield>
   <subfield code="k">Architektursoziologie. Beziehungen der Architektur zu anderen Gebieten</subfield>
   <subfield code="0">(DE-627)1271105950</subfield>
   <subfield code="0">(DE-625)rvk/94583:</subfield>
   <subfield code="0">(DE-576)201105950</subfield>
  </datafield>
  <datafield tag="951" ind1=" " ind2=" ">
   <subfield code="a">BO</subfield>
  </datafield>
  <datafield tag="990" ind1=" " ind2=" ">
   <subfield code="a">Katholische Kirche</subfield>
  </datafield>
  <datafield tag="990" ind1=" " ind2=" ">
   <subfield code="a">Liturgie</subfield>
  </datafield>
  <datafield tag="990" ind1=" " ind2=" ">
   <subfield code="a">Kult</subfield>
  </datafield>
  <datafield tag="990" ind1=" " ind2=" ">
   <subfield code="a">Geschichte</subfield>
  </datafield>
  <datafield tag="990" ind1=" " ind2=" ">
   <subfield code="a">Architektur</subfield>
  </datafield>
  <datafield tag="990" ind1=" " ind2=" ">
   <subfield code="a">Liturgie</subfield>
  </datafield>
  <datafield tag="990" ind1=" " ind2=" ">
   <subfield code="a">Geschichte 700-900</subfield>
  </datafield>
  <datafield tag="990" ind1=" " ind2=" ">
   <subfield code="a">Kirchenbau</subfield>
  </datafield>
  <datafield tag="990" ind1=" " ind2=" ">
   <subfield code="a">Geschichte</subfield>
  </datafield>
  <datafield tag="991" ind1=" " ind2=" ">
   <subfield code="a">Rezensiertes Werk</subfield>
  </datafield>
  <datafield tag="999" ind1=" " ind2=" ">
   <subfield code="a">KXP-PPN1127811746</subfield>
   <subfield code="e">4314997052</subfield>
  </datafield>
 </record>
</collection>
